The Pakistan Penal Code: (Record no. 613433)
[ view plain ]
| 000 -LEADER | |
|---|---|
| fixed length control field | 00361nam a22001337a 4500 |
| 082 ## - DEWEY DECIMAL CLASSIFICATION NUMBER | |
| Classification number | 345.5491 |
| Author Mark | MAH |
| 100 ## - MAIN ENTRY--PERSONAL NAME | |
| Personal name | Mahmood, Shaukat |
| 245 ## - TITLE STATEMENT | |
| Title | The Pakistan Penal Code: |
| Remainder of title | (XLV of 1860) / |
| Statement of responsibility, etc. | Shaukat Mahmood and Nadeem Shaukat |
| 260 ## - PUBLICATION, DISTRIBUTION, ETC. | |
| Place of publication, distribution, etc. | Lahore : |
| Name of publisher, distributor, etc. | Legal Research Centre, |
| Date of publication, distribution, etc. | 2023. |
| 300 ## - PHYSICAL DESCRIPTION | |
| Extent | vol |
| 563 ## - BINDING INFORMATION | |
| Binding note | HB. |
| 650 ## - SUBJECT ADDED ENTRY--TOPICAL TERM | |
| Topical term or geographic name entry element | Law |
| 942 ## - ADDED ENTRY ELEMENTS (KOHA) | |
| Source of classification or shelving scheme | |
| Koha item type | Book |
| 650 ## - SUBJECT ADDED ENTRY--TOPICAL TERM | |
| -- | 35302 |
| Withdrawn status | Lost status | Source of classification or shelving scheme | Damaged status | Not for loan | Permanent Location | Current Location | Date acquired | Serial Enumeration / chronology | Total Checkouts | Full call number | Barcode | Checked out | Date last seen | Date last checked out | Price effective from | Koha item type |
|---|---|---|---|---|---|---|---|---|---|---|---|---|---|---|---|---|
| NUST Law School (NLS) | NUST Law School (NLS) | 03/19/2025 | Vol-I | 1 | 345.5491 MAH | NLS-1530 | 10/24/2025 | 09/24/2025 | 09/24/2025 | 03/19/2025 | Book | |||||
| NUST Law School (NLS) | NUST Law School (NLS) | 03/19/2025 | Vol-II | 3 | 345.5491 MAH | NLS-1531 | 02/27/2026 | 01/28/2026 | 01/28/2026 | 03/19/2025 | Book |
